Zostavenie laboratória distribučných sietí

Enregistré dans:
Détails bibliographiques
Auteur principal: Boros, Tomáš, 1992- (Auteur)
Autres auteurs: Binder, Andrej, 1986- (Directeur de thèse)
Format: Manuscrit Livre
Langue:anglais
Publié: Bratislava : STU v Bratislave FIIT, 2013
Sujets:
Accès en ligne:VAIS
Tags: Ajouter un tag
Pas de tags, Soyez le premier à ajouter un tag!

MARC

LEADER 00000ntm a22000003a 4500
001 stu275736
005 20150617230236.6
008 131005s2013----xo------------------eng-d
040 |a STU  |b slo 
041 0 |a eng 
044 |a xo 
100 1 |a Boros, Tomáš,  |d 1992-  |4 aut  |u I  |T FIIT Fakulta informatiky a informačných technológií  |X 5793  |U I  |Y 70  |7 A000005793 
242 0 0 |a Content delivery network design and implementation  |y eng 
245 1 |a Zostavenie laboratória distribučných sietí 
260 |a Bratislava :  |b STU v Bratislave FIIT,  |c 2013 
300 |a 60 s  |c príl. 
650 7 |a Computer and Communication Systems and Networks  |2 estusub 
650 7 |a počítačové a komunikačné systémy a siete  |2 stusub 
700 1 |a Binder, Andrej,  |d 1986-  |4 ths  |u I100  |U FIIT Fakulta informatiky a informačných technológií  |T FIIT Ústav počítačových systémov a sietí  |X 17548  |U I100  |Y 178  |7 17548 
856 4 |a info a plný text  |u http://is.stuba.sk/zp/portal_zp.pl?podrobnosti=77801  |3 VAIS 
996 |b IBAP12/13  |c I*BAP12/13  |l II680  |s A  |a 24  |w stu275736_0001